| 000 | 01446nam2a2200265 4500 | ||
|---|---|---|---|
| 001 | RU\NLR\BIBL_A\011577352 | ||
| 005 | 20240729040435.0 | ||
| 010 |
_a9785000454664 _9500 |
||
| 021 |
_aRU _b2017-94854 _96808 |
||
| 035 | _a(RuMoRGB)009480144 | ||
| 035 | _a(NLR Aleph) 011577352 | ||
| 090 |
_a10829771 _c10829771 |
||
| 100 | _a20180110d2017 k y0rusy50 ca | ||
| 101 | 0 |
_arus _aeng |
|
| 102 | _aRU | ||
| 105 | _aa j 000zy | ||
| 200 | 0 | _aЧ. 1 | |
| 210 | _d2017 | ||
| 215 |
_a167 с. _cил. |
||
| 320 | _aБиблиогр.: с. 165-167 (45 назв.) | ||
| 461 | 0 |
_1001RU\NLR\BIBL_A\011598540 _12001#$aSnapshots of world economies$eучебное пособие по английскому языку для специальных целей$fВ. Е. Храброва, О. Г. Горина$gпод научной редакцией В. В. Назаровой$gВысшая школа экономики национальный исследовательский университет$vЧ. 1 _1700#1$aХраброва$bВ. Е.$gВалентина Евгеньевна _910875361 _aХраброва, В. Е. _cСанкт-Петербург _d2017 _fВ. Е. Храброва, О. Г. Горина _nАстерион _oучебное пособие по английскому языку для специальных целей _tSnapshots of world economies _vЧ. 1 |
|
| 942 | _cBOOK | ||
| 980 | _aNBR | ||